Udržateľný rozvoj v SR, metódy hodnotenia identifikácie trendu vývoja kľúčových faktorov dizertačná práca
Gespeichert in:
| 1. Verfasser: | |
|---|---|
| Körperschaft: | |
| Weitere Verfasser: | |
| Format: | Buch |
| Sprache: | Slowakisch |
| Veröffentlicht: |
Bratislava
2011
|
| Schlagworte: | |
| Tags: |
Keine Tags, Fügen Sie das erste Tag hinzu!
|
MARC
| LEADER | 00000nbm a2200000 4500 | ||
|---|---|---|---|
| 001 | 0155505 | ||
| 005 | 20221207094919.0 | ||
| 041 | 0 | |a slo | |
| 044 | |a SK | ||
| 245 | 1 | 0 | |a Udržateľný rozvoj v SR, metódy hodnotenia identifikácie trendu vývoja kľúčových faktorov |b dizertačná práca |c Marián Labaj ; školiteľ: Július Alexy |
| 264 | 1 | |a Bratislava |c 2011 | |
| 300 | |a 140 s. | ||
| 610 | 2 | 0 | |a rozvoj trvalo udržateľný |
| 610 | 2 | 0 | |a Slovensko |
| 610 | 2 | 0 | |a kvalita života |
| 610 | 2 | 0 | |a rozvoj sociálno-ekonomický |
| 100 | 1 | |a Labaj, Marián | |
| 700 | 1 | |a Alexy, Július, 1926-2024 | |
| 710 | 2 | |a Národohospodárska fakulta EU. Katedra sociálneho rozvoja a práce | |